| Tag |
First Indicator |
Second Indicator |
Subfields |
| LEADER |
00000cam a2200000 a 4500 |
| 001 |
in00002073713 |
| 005 |
20151102133938.0 |
| 008 |
021220s2003 gw b 000 0 ger c |
| 020 |
|
|
|a 3825859908 (pbk.)
|
| 035 |
|
|
|a (OCoLC)ocm51265630
|
| 040 |
|
|
|a OHX
|c OHX
|d ZCU
|d TXA
|d UtOrBLW
|
| 049 |
|
|
|a TXAM
|
| 090 |
|
|
|a BJ1409
|b .D46 2003
|
| 100 |
1 |
|
|a Denker, Rolf,
|d 1932-
|
| 245 |
1 |
0 |
|a Hiob - oder die Schwere des Glücks :
|b ein philosophisches Lesebuch über Leben und Lebenlassen /
|c Rolf Denker ; Uwe Bernhardt, Friederike Denker, Hans Martin Dober (Hg.).
|
| 246 |
3 |
0 |
|a Schwere des Glücks
|
| 250 |
|
|
|a 2. Aufl.
|
| 264 |
|
1 |
|a Münster :
|b Lit,
|c [2003]
|
| 264 |
|
4 |
|c ©2003
|
| 300 |
|
|
|a 145 pages ;
|c 24 cm.
|
| 336 |
|
|
|a text
|b txt
|2 rdacontent
|
| 337 |
|
|
|a unmediated
|b n
|2 rdamedia
|
| 338 |
|
|
|a volume
|b nc
|2 rdacarrier
|
| 490 |
1 |
|
|a Philosophie ;
|v Bd. 8
|
| 500 |
|
|
|a Collection of texts published previously.
|
| 504 |
|
|
|a Includes bibliographical references.
|
| 650 |
|
0 |
|a Suffering
|x Moral and ethical aspects.
|
| 650 |
|
0 |
|a Ethics.
|
| 600 |
0 |
0 |
|a Job
|c (Biblical figure)
|
| 700 |
1 |
|
|a Bernhardt, Uwe,
|d 1963-
|
| 700 |
1 |
|
|a Denker, Friederike.
|
| 700 |
1 |
|
|a Dober, Hans Martin.
|
| 830 |
|
0 |
|a Philosophie (Münster in Westfalen, Germany) ;
|v Bd. 8.
|
| 948 |
|
|
|a cataloged
|b h
|c 2005/12/14
|d c
|e dmitchel
|f 12:44:26 pm
|
| 994 |
|
|
|a C0
|b TXA
|
| 999 |
|
|
|a MARS
|
| 999 |
f |
f |
|s 97db326e-fb3c-32c6-8358-67e6a70cc231
|i 89855eeb-71c3-3bbb-884a-fcb6d2735f62
|t 0
|
| 952 |
f |
f |
|p ric
|a Texas A&M University
|b Rellis Campus
|c Joint Library Facility
|d Remote Storage
|t 0
|e BJ1409 .D46 2003
|h Library of Congress classification
|i unmediated -- volume
|m A14833290055
|
| 998 |
f |
f |
|a BJ1409 .D46 2003
|t 0
|l Remote Storage
|